Statistics for Cities in their Native Language

Click here to take the quiz!

General Stats

  • This quiz has been taken 44 times
  • The average score is 18 of 20

Answer Stats

Native LanguageEnglish% Correct
KölnCologne
100%
AthinaiAthens
98%
DubayyDubai
98%
Ciudad de MéxicoMexico City
98%
BruxellesBrussels
95%
Thanh Pho Ho Chi MinhHo Chi Minh City
95%
Al-KhartumKhartoum
95%
MoskvaMoscow
95%
NapoliNaples
95%
Ar-RiyadRiyadh
95%
Sankt Peterburg/PetrogradSaint Petersburg
95%
Al-KuwaytKuwait City
93%
DimashqDamascus
90%
JiddahJeddah
88%
BengaluruBangalore
86%
Krung ThepBangkok
86%
Al-QahirahCairo
79%
Ha'erbinHarbin
79%
RuhrgebietThe Ruhr
74%
El DjazaïrAlgiers
67%

Score Distribution

Percentile by Number Answered

Percent of People with Each Score

Your Score History

You have not taken this quiz